Modern quantum chemistry : (Record no. 26732)
[ view plain ]
| 000 -LEADER | |
|---|---|
| fixed length control field | 01422cam a22003375i 4500 |
| 001 - CONTROL NUMBER | |
| control field | 1161424 |
| 003 - CONTROL NUMBER IDENTIFIER | |
| control field | EG-ScBUE |
| 005 - DATE AND TIME OF LATEST TRANSACTION | |
| control field | 20250723100213.0 |
| 008 - FIXED-LENGTH DATA ELEMENTS--GENERAL INFORMATION | |
| fixed length control field | 960222s1996 nyua f b 001 0 eng d |
| 020 ## - INTERNATIONAL STANDARD BOOK NUMBER | |
| International Standard Book Number | 0486691861 |
| 020 ## - INTERNATIONAL STANDARD BOOK NUMBER | |
| International Standard Book Number | 9780486691862 |
| 040 ## - CATALOGING SOURCE | |
| Original cataloging agency | EG-ScBUE |
| Language of cataloging | eng |
| Description conventions | rda |
| Transcribing agency | EG-ScBUE |
| Modifying agency | EG-ScBUE |
| 082 04 - DEWEY DECIMAL CLASSIFICATION NUMBER | |
| Classification number | 541.28 |
| Edition number | 22 |
| Item number | SZA |
| 100 1# - MAIN ENTRY--PERSONAL NAME | |
| Personal name | Szabo, Attila, |
| Dates associated with a name | 1947 September 6- |
| Relator term | author. |
| 245 10 - TITLE STATEMENT | |
| Title | Modern quantum chemistry : |
| Remainder of title | introduction to advanced electronic structure theory / |
| Statement of responsibility, etc | Attila Szabo, Laboratory of Chemical Physics, National Institute of Health, Bethesda, Maryland, Neil S. Ostlund, Hypercube, Inc., Waterloo, Ontario. |
| 264 #1 - PUBLICATION, DISTRIBUTION, ETC. (IMPRINT) | |
| Place of publication, distribution, etc | Mineola, N. Y. : |
| Name of publisher, distributor, etc | Dover Publications, INC., |
| Date of publication, distribution, etc | 1996. |
| 300 ## - PHYSICAL DESCRIPTION | |
| Extent | xiv, 466 pages : |
| Other physical details | illustrations ; |
| Dimensions | 22 cm |
| 336 ## - CONTENT TYPE | |
| Source | rdacontent |
| Content type term | text |
| Content type code | txt |
| 337 ## - MEDIA TYPE | |
| Media type term | unmediated |
| Source | rdamedia |
| Media type code | n |
| 338 ## - CARRIER TYPE | |
| Carrier type term | volume |
| Carrier type code | nc |
| Source | rdacarrier |
| 500 ## - GENERAL NOTE | |
| General note | Previously published: 1st ed., rev. New York : McGraw-Hill, c1989. |
| 500 ## - GENERAL NOTE | |
| General note | Includes Appendices.<br/> |
| 504 ## - BIBLIOGRAPHY, ETC. NOTE | |
| Bibliography, etc | Includes bibliographical references and index.<br/> |
| 650 #7 - SUBJECT ADDED ENTRY--TOPICAL TERM | |
| Topical term or geographic name as entry element | Quantum chemistry. |
| Source of heading or term | BUEsh |
| 9 (RLIN) | 7434 |
| 653 ## - INDEX TERM--UNCONTROLLED | |
| Resource For college | Engineering, Chemical |
| Arrived date list | May2018 |
| 655 ## - INDEX TERM--GENRE/FORM | |
| Form subdivision | Reading book |
| 700 1# - ADDED ENTRY--PERSONAL NAME | |
| Personal name | Ostlund, Neil S., |
| Relator term | author. |
| 856 42 - ELECTRONIC LOCATION AND ACCESS | |
| Materials specified | Publisher description |
| Uniform Resource Identifier | <a href="http://www.loc.gov/catdir/description/dover032/96010775.html">http://www.loc.gov/catdir/description/dover032/96010775.html</a> |
| 856 41 - ELECTRONIC LOCATION AND ACCESS | |
| Materials specified | Table of contents |
| Uniform Resource Identifier | <a href="http://www.loc.gov/catdir/toc/dover031/96010775.html">http://www.loc.gov/catdir/toc/dover031/96010775.html</a> |
| 942 ## - ADDED ENTRY ELEMENTS (KOHA) | |
| Source of classification or shelving scheme | Dewey Decimal Classification |
| Koha item type | Book - Borrowing |
| Withdrawn status | Lost status | Source of classification or shelving scheme | Damaged status | Not for loan | Home library | Current library | Shelving location | Date acquired | Total Checkouts | Full call number | Barcode | Date last seen | Price effective from | Koha item type | Collection code | Source of acquisition |
|---|---|---|---|---|---|---|---|---|---|---|---|---|---|---|---|---|
| Dewey Decimal Classification | Central Library | Central Library | First floor | 16/05/2018 | 541.28 SZA | 000047781 | 15/07/2025 | 16/05/2018 | Book - Borrowing | |||||||
| Dewey Decimal Classification | Central Library | Central Library | First floor | 22/05/2023 | 541.28 SZA | 000056717 | 15/07/2025 | 22/05/2023 | NB - Book (Non borrowing) | Donation-Gift | Donation |